[Event "SLO-chT 24th"]
[Site "Slovenia"]
[Date "2014.11.15"]
[Round "2.4"]
[White "Zupancic, Urban"]
[Black "Sifrer, Darko"]
[Result "0-1"]
[WhiteElo "1931"]
[BlackElo "2368"]
[PlyCount "46"]
[EventDate "2014.11.14"]
[EventType "team-tourn"]
[EventRounds "9"]
[EventCountry "SLO"]
[SourceTitle "EXT 2016"]
[Source "ChessBase"]
[SourceDate "2015.10.08"]
[SourceVersion "1"]
[SourceVersionDate "2015.10.08"]
[SourceQuality "1"]
[WhiteTeam "Novo Mesto Krka"]
[BlackTeam "Maribor"]
[WhiteTeamCountry "SLO"]
[BlackTeamCountry "SLO"]

1. e4 e6 2. d4 d5 3. exd5 exd5 4. c4 Nf6 5. Nc3 c6 6. Bd3 Be7 7. Nge2 dxc4 8. Bxc4 0-0 9. 0-0 Nbd7 10. Bb3 Nb6 11. Re1 Re8 12. Qd3 Bd6 13. Bf4 Be6 14. Bxe6 Rxe6 15. Rad1 Nbd5 16. Bg3 Qe7 17. Qd2 Re8 18. Kf1 h6 19. Bxd6 Qxd6 20. Ng3 Qf4 21. Qd3 Ng4 22. Qf5 Nge3+ 23. Rxe3 Nxe3+ 0-1

[Event "SLO-ch 23rd"]
[Site "Sentjur"]
[Date "2013.04.08"]
[Round "3"]
[White "Sifrer, Darko"]
[Black "Brinovec, Dusan"]
[Result "1/2-1/2"]
[WhiteElo "2392"]
[BlackElo "2199"]
[PlyCount "118"]
[EventDate "2013.04.06"]
[EventType "swiss"]
[EventRounds "9"]
[EventCountry "SLO"]
[SourceTitle "CBM 153 Extra"]
[Source "ChessBase"]
[SourceDate "2013.04.22"]
[SourceVersion "1"]
[SourceVersionDate "2013.04.22"]
[SourceQuality "1"]

1. d4 d5 2. c4 dxc4 3. Nf3 Nf6 4. e3 e6 5. Bxc4 a6 6. 0-0 Nbd7 7. b3 b5 8. Be2 c5 9. a4 bxa4 10. Rxa4 Bb7 11. Nbd2 Nb6 12. Ra1 cxd4 13. Nxd4 Bb4 14. Bf3 Bxf3 15. N2xf3 Qd5 16. Ba3 Bxa3 17. Rxa3 0-0 18. Qe2 Qb7 19. Rfa1 Nbd7 20. Rxa6 e5 21. Rxa8 Rxa8 22. Rxa8+ Qxa8 23. Nc2 e4 24. Nfd4 g6 25. h3 Qa2 26. Qe1 Qa6 27. b4 Nd5 28. b5 Qd6 29. Nc6 Qc5 30. N2d4 N7b6 31. Qb1 Nc3 32. Qb4 Qxb4 33. Nxb4 Kf8 34. h4 h5 35. Kf1 Ke7 36. Ke1 Nc4 37. f3 exf3 38. gxf3 Nxb5 39. Nxb5 Nxe3 40. Nd4 Ng2+ 41. Kf2 Nxh4 42. f4 f6 43. Nd5+ Kf7 44. Kg3 g5 45. f5 Nxf5+ 46. Nxf5 Ke6 47. Nde3 Ke5 48. Kf3 g4+ 49. Kg3 Ke4 50. Kf2 h4 51. Kg2 Kf4 52. Kf2 Ke4 53. Nd6+ Ke5 54. Nef5 Kf4 55. Kg2 Ke5 56. Kf1 h3 57. Kf2 h2 58. Kg2 g3 59. Kh1 Ke6 1/2-1/2

[Event "SLO-ch 23rd"]
[Site "Sentjur"]
[Date "2013.04.07"]
[Round "2"]
[White "Jeraj, Zlatko"]
[Black "Sifrer, Darko"]
[Result "1/2-1/2"]
[WhiteElo "2073"]
[BlackElo "2392"]
[PlyCount "88"]
[EventDate "2013.04.06"]
[EventType "swiss"]
[EventRounds "9"]
[EventCountry "SLO"]
[SourceTitle "CBM 153 Extra"]
[Source "ChessBase"]
[SourceDate "2013.04.22"]
[SourceVersion "1"]
[SourceVersionDate "2013.04.22"]
[SourceQuality "1"]

1. d4 Nf6 2. c4 g6 3. Nc3 d5 4. Nf3 Bg7 5. e3 0-0 6. Bd3 c5 7. 0-0 cxd4 8. exd4 Nc6 9. c5 Bg4 10. Be3 Bxf3 11. gxf3 e6 12. a3 Nh5 13. Bb5 Qh4 14. Bxc6 bxc6 15. Qd2 e5 16. Ne2 Qh3 17. Ng3 f5 18. Nxh5 Qxh5 19. dxe5 Qxf3 20. Bd4 f4 21. Qd1 Qh3 22. f3 Rf5 23. Qd2 Bxe5 24. Bxe5 Rxe5 25. Qxf4 Rae8 26. Qg3 Qf5 27. Rae1 d4 28. Rxe5 Rxe5 29. b4 d3 30. Qg4 Qxg4+ 31. fxg4 Re4 32. Rd1 Rxg4+ 33. Kf2 a5 34. Rxd3 axb4 35. axb4 Rxb4 36. Rd6 Rb2+ 37. Kg3 Rc2 38. Rxc6 Kf7 39. h3 Rc4 40. Rc7+ Ke6 41. c6 h5 42. Rc8 g5 43. c7 Rc3+ 44. Kg2 Rc2+ 1/2-1/2

[Event "SLO-chT 22th"]
[Site "Ljubljana"]
[Date "2012.11.23"]
[Round "1"]
[White "Mikac, Matjaz"]
[Black "Sifrer, Darko"]
[Result "1/2-1/2"]
[WhiteElo "2394"]
[BlackElo "2393"]
[PlyCount "60"]
[EventDate "2012.11.23"]
[EventType "team-tourn"]
[EventRounds "9"]
[EventCountry "SLO"]
[SourceTitle "CBM 151 Extra"]
[Source "ChessBase"]
[SourceDate "2012.12.18"]
[SourceVersion "1"]
[SourceVersionDate "2012.12.18"]
[SourceQuality "1"]
[WhiteTeam "Maribor Branik"]
[BlackTeam "Lendava Rokada"]
[WhiteTeamCountry "SLO"]
[BlackTeamCountry "SLO"]

1. e4 e6 2. d4 d5 3. Nd2 dxe4 4. Nxe4 Bd7 5. Nf3 Bc6 6. Bd3 Nd7 7. 0-0 Ngf6 8. Ned2 Be7 9. Nc4 Be4 10. Bxe4 Nxe4 11. d5 Ndc5 12. dxe6 Nxe6 13. Qe2 N4c5 14. Rd1 Qc8 15. Bg5 Bxg5 16. Nxg5 0-0 17. Qh5 Nxg5 18. Qxg5 b6 19. Ne3 h6 20. Qh5 Re8 21. a4 Qe6 22. a5 Ne4 23. Qf5 Qxf5 24. Nxf5 Nc5 25. f3 Kf8 26. Kf2 Ne6 27. Nd4 Nxd4 28. Rxd4 Rad8 29. Rxd8 Rxd8 30. axb6 axb6 1/2-1/2

[Event "SLO-chT 12th"]
[Site "Bled"]
[Date "2002.11.23"]
[Round "9"]
[White "Sifrer, Darko"]
[Black "Krumpacnik, Domen"]
[Result "1/2-1/2"]
[WhiteElo "2414"]
[BlackElo "2385"]
[PlyCount "106"]
[EventDate "2002.11.18"]
[EventType "team-tourn"]
[EventRounds "9"]
[EventCountry "SLO"]
[SourceTitle "EXT 2005"]
[Source "ChessBase"]
[SourceDate "2004.11.15"]
[SourceVersion "1"]
[SourceVersionDate "2004.11.15"]
[SourceQuality "1"]
[WhiteTeam "Ptuj"]
[BlackTeam "Grize"]
[WhiteTeamCountry "SLO"]
[BlackTeamCountry "SLO"]

1. d4 Nf6 2. Nf3 e6 3. e3 c5 4. Bd3 b6 5. 0-0 Be7 6. b3 Bb7 7. Bb2 0-0 8. Nbd2 cxd4 9. exd4 d6 10. a3 Nbd7 11. Qe2 Rc8 12. Rae1 Nd5 13. g3 Nc3 14. Bxc3 Rxc3 15. a4 Rc7 16. Nc4 Qa8 17. Ncd2 Nf6 18. Rc1 Rd8 19. Rfd1 Bf8 20. Ne1 g6 21. Nf1 Bh6 22. Ne3 Ne4 23. Bxe4 Bxe4 24. f3 Rc3 25. Ng4 Bxc1 26. Nf6+ Kg7 27. Nxe4 Re3 28. Qf2 Rxe1+ 29. Rxe1 d5 30. Rxc1 dxe4 31. f4 Qc6 32. c4 Qd6 33. Rd1 Qb4 34. Qc2 h5 35. h4 a6 36. Qb2 Kg8 37. Kf2 f5 38. Ke3 Kf7 39. Rc1 a5 40. Qc3 Qa3 41. Ra1 Qd6 42. Rb1 Qa3 43. Ra1 Qd6 44. Rd1 Qa3 45. Rb1 Rd7 46. Ra1 Qd6 47. Ra2 Rd8 48. Rb2 Qa3 49. Rb1 Rd7 50. Ra1 Qd6 51. Rd1 Rd8 52. Rb1 Qa3 53. Ra1 Qd6 1/2-1/2

[Event "SLO-chT 09th"]
[Site "Bled"]
[Date "1999.11.09"]
[Round "2"]
[White "Sifrer, Darko"]
[Black "Kastelic, Marian"]
[Result "0-1"]
[WhiteElo "2432"]
[BlackElo "2364"]
[PlyCount "58"]
[EventDate "1999.11.08"]
[EventType "team-tourn"]
[EventRounds "7"]
[EventCountry "SLO"]
[SourceTitle "EXT 2000"]
[Source "ChessBase"]
[SourceDate "1999.11.16"]
[SourceVersion "1"]
[SourceVersionDate "1999.11.16"]
[SourceQuality "1"]
[WhiteTeam "Ljubljana LSK"]
[BlackTeam "Maribor Branik"]
[WhiteTeamCountry "SLO"]
[BlackTeamCountry "SLO"]

1. Nf3 Nf6 2. d4 g6 3. c4 Bg7 4. Nc3 0-0 5. e4 d6 6. Be2 c5 7. 0-0 Nc6 8. d5 Na5 9. h3 e5 10. Bg5 h6 11. Bh4 g5 12. Bg3 Nh5 13. Nd2 Nf4 14. Bg4 Qf6 15. Qc2 b6 16. Nd1 Bxg4 17. hxg4 Ne2+ 18. Kh2 h5 19. Qd3 Nf4 20. Bxf4 exf4 21. gxh5 g4 22. Rh1 Qh6 23. Kg1 Rae8 24. g3 fxg3 25. Ne3 Qf4 26. Rf1 Bh6 27. Nf5 Qxd2 28. Qxg3 Nxc4 29. Rh4 Kh7 0-1

[Event "AUT-chT2S 9596"]
[Site "Austria"]
[Date "1995.??.??"]
[Round "?"]
[White "Petran, Pal"]
[Black "Sifrer, Darko"]
[Result "1-0"]
[WhiteElo "2420"]
[BlackElo "2445"]
[PlyCount "157"]
[EventDate "1995.??.??"]
[EventType "team-tourn"]
[EventRounds "11"]
[EventCountry "AUT"]
[SourceTitle "EXT 1999"]
[Source "ChessBase"]
[SourceDate "1998.11.16"]
[SourceVersion "1"]
[SourceVersionDate "1998.11.16"]
[SourceQuality "1"]

1. d4 e6 2. c4 Bb4+ 3. Bd2 Bxd2+ 4. Qxd2 Nf6 5. Nc3 d5 6. e3 0-0 7. Nf3 Qe7 8. Rc1 c6 9. Bd3 Nbd7 10. Qc2 dxc4 11. Bxc4 e5 12. 0-0 exd4 13. Nxd4 Nb6 14. Be2 Be6 15. Rfd1 Rad8 16. a3 Bg4 17. Bxg4 Nxg4 18. Qe4 Qxe4 19. Nxe4 Nc8 20. b4 Ne5 21. Nc5 Nd6 22. h3 Rfe8 23. Kf1 Kf8 24. Ke2 g6 25. a4 Re7 26. Rc2 Ke8 27. Rdc1 Rc8 28. Ncb3 Rd8 29. Na5 g5 30. Rd1 h6 31. f3 Rc7 32. Rdc1 Ng6 33. Nab3 Re7 34. Kf2 Ne5 35. Rc3 Nd7 36. Nc5 Nf6 37. Rb1 Nd5 38. Rd3 f5 39. g3 f4 40. gxf4 gxf4 41. e4 Ne3 42. Nde6 Rxe6 43. Nxe6 Nxe4+ 44. Ke2 Rxd3 45. Kxd3 Nf2+ 46. Kd4 Nxh3 47. Rh1 Ng5 48. Nxg5 hxg5 49. Rg1 Kd7 50. Rxg5 Nc2+ 51. Kc3 Ne1 52. Rg7+ Kc8 53. Kd4 Nxf3+ 54. Ke4 Nd2+ 55. Kxf4 Nc4 56. a5 a6 57. Ke4 Nd6+ 58. Kd3 Nf5 59. Rh7 Nd6 60. Kd4 Kb8 61. Kc5 Nc8 62. Rd7 Na7 63. Kd6 Nb5+ 64. Ke7 Nc3 65. Kd6 Nd5 66. Kc5 Ka7 67. Rd8 Nc3 68. Kd6 Nd5 69. Kd7 Nxb4 70. Kc8 b5 71. Rd7+ Ka8 72. Kc7 Ka7 73. Kd6+ Kb8 74. Kc5 Nc2 75. Kxc6 Ne3 76. Kb6 Kc8 77. Rb7 b4 78. Kxa6 b3 79. Rxb3 1-0

[Event "Ljubljana Iskra"]
[Site "Ljubljana"]
[Date "1992.??.??"]
[Round "?"]
[White "Bukic, Enver"]
[Black "Sifrer, Darko"]
[Result "0-1"]
[WhiteElo "2455"]
[BlackElo "2355"]
[PlyCount "122"]
[EventDate "1992.??.??"]
[EventType "tourn"]
[EventRounds "11"]
[EventCountry "SLO"]
[EventCategory "8"]
[SourceTitle "CBM 031"]
[Source "ChessBase"]
[SourceDate "1992.12.01"]
[SourceVersion "1"]
[SourceVersionDate "1992.12.01"]
[SourceQuality "1"]

1. d4 Nf6 2. Nf3 e6 3. c4 d5 4. Nc3 Bb4 5. Qa4+ Nc6 6. Bg5 h6 7. Bxf6 Qxf6 8. cxd5 exd5 9. e3 0-0 10. Be2 a6 11. 0-0 Be6 12. Rfc1 Bd6 13. Qd1 Rad8 14. Na4 Nb8 15. Nc5 Bc8 16. b4 Qe7 17. Qb3 Nd7 18. a4 Nf6 19. b5 axb5 20. axb5 Ne4 21. Nd3 Bg4 22. Ra7 b6 23. Rc2 Ra8 24. Rca2 Rxa7 25. Rxa7 Rd8 26. Qc2 Qe8 27. Qb2 Ra8 28. Rxa8 Qxa8 29. Nde5 Be6 30. Nc6 Qa4 31. Bf1 Qd1 32. Qe2 Qc1 33. h3 Bd7 34. Nfe5 Be8 35. Na7 Bxe5 36. dxe5 Nd2 37. g3 Kf8 38. Kg2 Bd7 39. Qd3 Qxf1+ 40. Qxf1 Nxf1 41. Kxf1 h5 42. f3 g6 43. h4 Ke7 44. Ke2 Ke6 45. f4 d4 46. exd4 Kd5 47. Ke3 Bg4 48. Nc6 Bd7 49. Nb4+ Kc4 50. Na6 c5 51. bxc6 Bxc6 52. f5 b5 53. Nc5 b4 54. e6 fxe6 55. fxe6 b3 56. Nxb3 Kxb3 57. Kd3 Kb4 58. e7 Kb5 59. d5 Be8 60. Ke4 Bd7 61. Ke5 Kc5 0-1

[Event "Ljubljana Iskra"]
[Site "Ljubljana"]
[Date "1992.??.??"]
[Round "?"]
[White "Farago, Ivan"]
[Black "Sifrer, Darko"]
[Result "1/2-1/2"]
[WhiteElo "2520"]
[BlackElo "2355"]
[PlyCount "105"]
[EventDate "1992.??.??"]
[EventType "tourn"]
[EventRounds "11"]
[EventCountry "SLO"]
[EventCategory "8"]
[SourceTitle "CBM 031"]
[Source "ChessBase"]
[SourceDate "1992.12.01"]
[SourceVersion "1"]
[SourceVersionDate "1992.12.01"]
[SourceQuality "1"]

1. d4 Nf6 2. c4 e6 3. Nf3 d5 4. Nc3 Bb4 5. Bg5 Nbd7 6. cxd5 exd5 7. Qa4 Qe7 8. e3 0-0 9. Bd3 c5 10. 0-0 Bxc3 11. bxc3 c4 12. Bc2 h6 13. Bh4 Qe6 14. Nd2 Nb6 15. Qa5 Ne4 16. Nxe4 dxe4 17. f3 Qd5 18. Qc5 Qxc5 19. dxc5 Nd5 20. Bxe4 Nxc3 21. Bc2 Bd7 22. a4 Nd5 23. Be4 Bc6 24. Bxd5 Bxd5 25. e4 Be6 26. Rfb1 Rfc8 27. Be7 Rc7 28. Bd6 Rd7 29. a5 f5 30. e5 a6 31. Rb4 Kf7 32. Kf2 f4 33. Rab1 Bd5 34. Rd1 Ke6 35. Rd4 g5 36. Rb1 Rg8 37. Rbd1 c3 38. Rc1 Rf7 39. Rxc3 g4 40. Rcd3 gxf3 41. gxf3 Bc6 42. Rb3 Rg5 43. Rbb4 h5 44. Bb8 Rg8 45. Rd6+ Kf5 46. h4 Rc8 47. e6 Rg7 48. e7 Rxe7 49. Rxf4+ Ke5 50. Rf8 Rxf8 51. Rd8+ Ke6 52. Rxf8 Rf7 53. Rxf7 1/2-1/2

[Event "SLO-ch"]
[Site "Slovenia"]
[Date "1992.??.??"]
[Round "?"]
[White "Osterman, Rudolf"]
[Black "Sifrer, Darko"]
[Result "1-0"]
[WhiteElo "2370"]
[BlackElo "2355"]
[PlyCount "81"]
[EventDate "1992.??.??"]
[EventType "tourn"]
[EventRounds "15"]
[EventCountry "SLO"]
[EventCategory "5"]
[SourceTitle "TD"]
[Source "ChessBase"]
[SourceDate "1994.03.01"]
[SourceVersion "1"]
[SourceVersionDate "1994.03.01"]
[SourceQuality "1"]

1. d4 Nf6 2. c4 e6 3. Nc3 d5 4. Nf3 Bb4 5. cxd5 exd5 6. Bg5 Nbd7 7. e3 c5 8. Bd3 c4 9. Bf5 Qa5 10. Qc2 0-0 11. 0-0 Re8 12. Nd2 g6 13. Bxd7 Nxd7 14. Rae1 Nb6 15. f3 Bd7 16. Bh4 Na4 17. Ndb1 Nxc3 18. Nxc3 Bf8 19. e4 Be6 20. Re2 Bg7 21. Qd2 Qb6 22. e5 Qc6 23. g4 b5 24. Rg2 b4 25. Ne2 a5 26. f4 Bc8 27. f5 Ra7 28. Rgf2 h6 29. Bg3 Ba6 30. Rc1 Rc8 31. Nf4 Bb7 32. f6 Bf8 33. e6 g5 34. exf7+ Kxf7 35. Nd3 Re8 36. Ne5+ Rxe5 37. Bxe5 Bc8 38. Qc2 Ke8 39. Re1 Be6 40. f7+ Kd8 41. Qg6 1-0

[Event "SLO-ch"]
[Site "Slovenia"]
[Date "1992.??.??"]
[Round "?"]
[White "Podlesnik, Bogdan"]
[Black "Sifrer, Darko"]
[Result "0-1"]
[WhiteElo "2375"]
[BlackElo "2355"]
[PlyCount "106"]
[EventDate "1992.??.??"]
[EventType "tourn"]
[EventRounds "15"]
[EventCountry "SLO"]
[EventCategory "5"]
[SourceTitle "TD"]
[Source "ChessBase"]
[SourceDate "1994.03.01"]
[SourceVersion "1"]
[SourceVersionDate "1994.03.01"]
[SourceQuality "1"]

1. e4 e5 2. Nf3 Nf6 3. Nc3 Bb4 4. Nxe5 Qe7 5. Nd3 Bxc3 6. dxc3 Qxe4+ 7. Be2 d6 8. 0-0 Nc6 9. Bf3 Qf5 10. Re1+ Be6 11. g4 Qb5 12. a4 Qc4 13. h3 0-0-0 14. b3 Qxc3 15. Bd2 Qd4 16. Be3 Qc3 17. Bd2 Qd4 18. Be3 Qc3 19. a5 Ne5 20. a6 Nxf3+ 21. Qxf3 Qc6 22. Qxc6 bxc6 23. Bxa7 h5 24. g5 Nd5 25. c4 Ne7 26. Bd4 Nf5 27. Bc3 Kd7 28. c5 Ra8 29. a7 Rhe8 30. Nf4 g6 31. f3 Kc8 32. Ra4 Kb7 33. Rb4+ Kc8 34. Ra4 dxc5 35. Nd3 Nd4 36. Bxd4 cxd4 37. Nc5 Rd8 38. Kf2 Bxh3 39. Re7 d3 40. Ke1 d2+ 41. Kd1 Bf5 42. Ra2 Rxa7 43. Rxd2 Ra2 44. Rxd8+ Kxd8 45. Rxf7 h4 46. Nb7+ Ke8 47. Rxc7 h3 48. Nd6+ Kf8 49. Rh7 h2 50. Nxf5 gxf5 51. g6 Ra1+ 52. Kc2 h1Q 53. Rxh1 Rxh1 0-1

[Event "SLO-ch"]
[Site "Slovenia"]
[Date "1992.??.??"]
[Round "?"]
[White "Sifrer, Darko"]
[Black "Gostisa, Leon F"]
[Result "1/2-1/2"]
[WhiteElo "2355"]
[BlackElo "2410"]
[PlyCount "65"]
[EventDate "1992.??.??"]
[EventType "tourn"]
[EventRounds "15"]
[EventCountry "SLO"]
[EventCategory "5"]
[SourceTitle "TD"]
[Source "ChessBase"]
[SourceDate "1994.03.01"]
[SourceVersion "1"]
[SourceVersionDate "1994.03.01"]
[SourceQuality "1"]

1. Nf3 Nf6 2. c4 e6 3. Nc3 Bb4 4. Qc2 0-0 5. a3 Bxc3 6. Qxc3 b6 7. g3 Bb7 8. Bg2 d6 9. 0-0 Nbd7 10. b4 Qe7 11. Bb2 c5 12. d3 d5 13. cxd5 Bxd5 14. b5 a6 15. a4 Rfc8 16. e4 Bb7 17. Nd2 Ne8 18. Nc4 f6 19. Qb3 Kh8 20. Bc3 Rab8 21. Bd2 Nd6 22. f4 Rd8 23. Bc3 Nxc4 24. Qxc4 a5 25. Rad1 Rbc8 26. h4 Nf8 27. Kh2 Rc7 28. Rd2 Qf7 29. Rff2 Ng6 30. Bh3 Nf8 31. Bg2 Ng6 32. Bh3 Nf8 33. Bg2 1/2-1/2

[Event "SLO-ch"]
[Site "Slovenia"]
[Date "1992.??.??"]
[Round "?"]
[White "Sifrer, Darko"]
[Black "Grosar, Aljosa"]
[Result "0-1"]
[WhiteElo "2355"]
[BlackElo "2415"]
[PlyCount "90"]
[EventDate "1992.??.??"]
[EventType "tourn"]
[EventRounds "15"]
[EventCountry "SLO"]
[EventCategory "5"]
[SourceTitle "TD"]
[Source "ChessBase"]
[SourceDate "1994.03.01"]
[SourceVersion "1"]
[SourceVersionDate "1994.03.01"]
[SourceQuality "1"]

1. Nf3 Nf6 2. c4 c5 3. Nc3 d5 4. cxd5 Nxd5 5. e4 Nb4 6. Bb5+ N8c6 7. d4 cxd4 8. a3 Bd7 9. axb4 dxc3 10. bxc3 g6 11. Be3 Bg7 12. Rc1 0-0 13. 0-0 Rc8 14. Qd2 Bg4 15. Nd4 Ne5 16. f3 Bd7 17. Be2 Nc4 18. Bxc4 Rxc4 19. Qa2 Qc7 20. Qxa7 Rxc3 21. Ne2 Rc4 22. Qa2 Be6 23. Rxc4 Qxc4 24. Qxc4 Bxc4 25. Kf2 Rd8 26. Rc1 b5 27. Rc2 f5 28. exf5 gxf5 29. Rd2 Ra8 30. f4 Ra1 31. Bc5 Kf7 32. Nd4 Rf1+ 33. Kg3 e5 34. Nxf5 exf4+ 35. Kh4 Bc3 36. Nd6+ Kg6 37. Nxc4 bxc4 38. Rd6+ Bf6+ 39. Kg4 h5+ 40. Kh3 Kf5 41. Bd4 Be5 42. Bxe5 Kxe5 43. Rh6 c3 44. Rxh5+ Kd4 45. Rc5 Rb1 0-1

[Event "Ljubljana Iskra"]
[Site "Ljubljana"]
[Date "1992.??.??"]
[Round "?"]
[White "Sifrer, Darko"]
[Black "Jelen, Igor"]
[Result "1-0"]
[WhiteElo "2355"]
[BlackElo "2340"]
[PlyCount "81"]
[EventDate "1992.??.??"]
[EventType "tourn"]
[EventRounds "11"]
[EventCountry "SLO"]
[EventCategory "8"]
[SourceTitle "CBM 031"]
[Source "ChessBase"]
[SourceDate "1992.12.01"]
[SourceVersion "1"]
[SourceVersionDate "1992.12.01"]
[SourceQuality "1"]

1. Nf3 d5 2. g3 c5 3. Bg2 Nc6 4. d4 e6 5. 0-0 Nf6 6. c4 Be7 7. cxd5 exd5 8. Nc3 0-0 9. b3 Ne4 10. Bb2 Bf6 11. Na4 b6 12. dxc5 Bxb2 13. Nxb2 bxc5 14. Na4 Ba6 15. Nd2 Nd4 16. Re1 Qf6 17. Nxe4 dxe4 18. Nc3 Rad8 19. Qc1 Rfe8 20. Rb1 Qe5 21. Rb2 e3 22. fxe3 Qxe3+ 23. Qxe3 Rxe3 24. Ne4 c4 25. bxc4 Bxc4 26. Kf2 Ra3 27. Nd6 Be6 28. Rd1 Ra4 29. e3 Nb5 30. Rxb5 Rxa2+ 31. Kg1 g6 32. Bf1 Ra6 33. Nf5 Re8 34. Re5 Ra3 35. Nd4 Kg7 36. Nxe6+ Rxe6 37. Rxe6 fxe6 38. Rd7+ Kh6 39. Re7 Ra1 40. Kf2 a5 41. Rxe6 1-0

[Event "SLO-ch"]
[Site "Slovenia"]
[Date "1992.??.??"]
[Round "?"]
[White "Sifrer, Darko"]
[Black "Mohr, Georg"]
[Result "1/2-1/2"]
[WhiteElo "2355"]
[BlackElo "2415"]
[PlyCount "23"]
[EventDate "1992.??.??"]
[EventType "tourn"]
[EventRounds "15"]
[EventCountry "SLO"]
[EventCategory "5"]
[SourceTitle "TD"]
[Source "ChessBase"]
[SourceDate "1994.03.01"]
[SourceVersion "1"]
[SourceVersionDate "1994.03.01"]
[SourceQuality "1"]

1. d4 d5 2. c4 e6 3. Nc3 Nf6 4. Bg5 Be7 5. Nf3 0-0 6. e3 Nbd7 7. Rc1 c6 8. Bd3 dxc4 9. Bxc4 Nd5 10. Bxe7 Qxe7 11. 0-0 Nxc3 12. Rxc3 1/2-1/2

[Event "SLO-ch"]
[Site "Slovenia"]
[Date "1991.??.??"]
[Round "?"]
[White "Osterman, Rudolf"]
[Black "Sifrer, Darko"]
[Result "1-0"]
[WhiteElo "2370"]
[BlackElo "2355"]
[PlyCount "55"]
[EventDate "1991.??.??"]
[EventType "swiss"]
[EventRounds "13"]
[EventCountry "SLO"]
[SourceTitle "EXT 1998"]
[Source "ChessBase"]
[SourceDate "1997.11.17"]
[SourceVersion "1"]
[SourceVersionDate "1997.11.17"]
[SourceQuality "1"]

1. d4 Nf6 2. Nf3 e6 3. c4 b6 4. Nc3 Bb7 5. Bg5 Be7 6. Qc2 h6 7. Bxf6 Bxf6 8. e4 d6 9. Be2 Nd7 10. 0-0 e5 11. d5 0-0 12. b4 Qe7 13. Nd2 a5 14. a3 axb4 15. axb4 Rxa1 16. Rxa1 Ra8 17. Rxa8+ Bxa8 18. Qa4 Qd8 19. Nb5 Bg5 20. Nf3 Nf6 21. h4 Bf4 22. g3 Nxe4 23. gxf4 Qc8 24. Bf1 Qg4+ 25. Bg2 Bb7 26. fxe5 dxe5 27. Nxc7 Nd6 28. Nxe5 1-0

[Event "SLO-ch"]
[Site "Slovenia"]
[Date "1991.??.??"]
[Round "?"]
[White "Podlesnik, Bogdan"]
[Black "Sifrer, Darko"]
[Result "0-1"]
[WhiteElo "2375"]
[BlackElo "2355"]
[PlyCount "52"]
[EventDate "1991.??.??"]
[EventType "swiss"]
[EventRounds "13"]
[EventCountry "SLO"]
[SourceTitle "EXT 1998"]
[Source "ChessBase"]
[SourceDate "1997.11.17"]
[SourceVersion "1"]
[SourceVersionDate "1997.11.17"]
[SourceQuality "1"]

1. e4 e5 2. Nc3 Nc6 3. Nf3 Nf6 4. Bb5 Bb4 5. 0-0 Bxc3 6. bxc3 d6 7. Re1 Bg4 8. d4 Nd7 9. h3 Bxf3 10. Qxf3 a6 11. Bc4 Qf6 12. Qxf6 Nxf6 13. f4 exd4 14. e5 dxe5 15. fxe5 Ng8 16. cxd4 Nxd4 17. Rf1 Ne6 18. Rb1 Nd8 19. Ba3 Ne7 20. Rxb7 Nxb7 21. Bxf7+ Kd7 22. e6+ Kd8 23. Rd1+ Nd6 24. c4 Kc8 25. c5 Nxf7 26. exf7 Nc6 0-1

[Event "Portoroz"]
[Site "Portoroz"]
[Date "1987.??.??"]
[Round "?"]
[White "Gostisa, Leon F"]
[Black "Sifrer, Darko"]
[Result "1-0"]
[WhiteElo "2380"]
[BlackElo "2355"]
[PlyCount "83"]
[EventDate "1987.07.03"]
[EventType "tourn"]
[EventRounds "13"]
[EventCountry "YUG"]
[EventCategory "9"]
[SourceTitle "CBM 005"]
[Source "ChessBase"]
[SourceDate "1988.08.01"]
[SourceVersion "1"]
[SourceVersionDate "1988.08.01"]
[SourceQuality "1"]

1. d4 d5 2. c4 e6 3. Nc3 Be7 4. Nf3 Nf6 5. Bg5 h6 6. Bxf6 Bxf6 7. e3 0-0 8. Rc1 c6 9. Bd3 Nd7 10. 0-0 dxc4 11. Bxc4 e5 12. h3 exd4 13. exd4 Nb6 14. Bb3 Re8 15. Re1 Bf5 16. Rxe8+ Qxe8 17. Qd2 Qd7 18. Re1 a5 19. a3 a4 20. Ba2 Rd8 21. Qf4 Bc2 22. Qc1 Bf5 23. Ne5 Bxe5 24. Rxe5 Bg6 25. d5 Qc7 26. Qf4 Kh7 27. dxc6 bxc6 28. Qe3 Rd3 29. Qe1 Qd6 30. h4 Nd5 31. Bxd5 cxd5 32. h5 Be4 33. Re8 Bf5 34. Qe5 Qxe5 35. Rxe5 Be6 36. Kf1 Rd2 37. Nxa4 d4 38. Ke1 Rc2 39. Rc5 Rxc5 40. Nxc5 Bg4 41. a4 Bxh5 42. b4 1-0

[Event "Portoroz"]
[Site "Portoroz"]
[Date "1987.??.??"]
[Round "?"]
[White "Sifrer, Darko"]
[Black "Hulak, Krunoslav"]
[Result "1/2-1/2"]
[WhiteElo "2355"]
[BlackElo "2540"]
[PlyCount "127"]
[EventDate "1987.07.03"]
[EventType "tourn"]
[EventRounds "13"]
[EventCountry "YUG"]
[EventCategory "9"]
[SourceTitle "CBM 005"]
[Source "ChessBase"]
[SourceDate "1988.08.01"]
[SourceVersion "1"]
[SourceVersionDate "1988.08.01"]
[SourceQuality "1"]

1. Nf3 Nf6 2. c4 g6 3. Nc3 Bg7 4. e4 d6 5. d4 0-0 6. Be3 Bg4 7. Be2 Nfd7 8. 0-0 Nc6 9. Rc1 Bxf3 10. Bxf3 e5 11. Ne2 Qf6 12. Bg4 exd4 13. Nxd4 Nxd4 14. Bxd7 Rad8 15. Bg4 Rfe8 16. f3 Qe5 17. Kh1 Nc6 18. Qd2 a5 19. b3 Qb2 20. Rc2 Qa3 21. Qd1 a4 22. Bc1 Qb4 23. Bd2 Qa3 24. Bc1 Qc5 25. Rd2 Qa7 26. Re2 Qb6 27. Bg5 Ra8 28. Bd7 Rf8 29. Be3 Qb4 30. Bd2 Qc5 31. Be3 Qa5 32. Bd2 Bc3 33. Bxc6 bxc6 34. Bxc3 Qxc3 35. Qc2 Qxc2 36. Rxc2 c5 37. Kg1 axb3 38. axb3 Ra3 39. Rb1 Rb8 40. Rcb2 Kg7 41. Kf2 Kf6 42. Ke3 Ke5 43. g3 f5 44. exf5 gxf5 45. Kd3 Kf6 46. Ke3 Rb4 47. Kd3 c6 48. Kc3 d5 49. cxd5 cxd5 50. Re1 d4+ 51. Kc2 Ra8 52. f4 Rab8 53. Re5 c4 54. Rd5 Rxb3 55. Rxb3 cxb3+ 56. Kb2 Rb4 57. Re5 h5 58. Rd5 Ke6 59. Rd8 Ke7 60. Rd5 Kf6 61. Rd6+ Kf7 62. Rd5 Ke6 63. Rd8 h4 64. gxh4 1/2-1/2